| 000 | 00492nmm a2200157Ia 4500 | ||
|---|---|---|---|
| 008 | 251105s9999||||xx |||||||||||||||||und|| | ||
| 020 | _a9788431535520 | ||
| 041 | _aspa | ||
| 100 | _aDr. Bolzinger, Michel | ||
| 245 | 0 | _aGuía de los perros de apartamento | |
| 264 |
_a[Madrid, España] : _bDe Vecchi, _c[Fecha de publicación no identificada] |
||
| 300 | _a0 páginas | ||
| 650 | _aBiology and natural sciences | ||
| 856 | _uhttps://public.digitaliapublishing.com/a/123255 | ||
| 942 | _cCF | ||
| 999 |
_c81411 _d81411 |
||